000 00725nam a2200253Ia 4500
003 OSt
005 20220918230501.0
006 a|||||r|||| 00| 0
007 ta
008 220917b |||||||| |||| 00| 0 eng d
024 _a254,056
037 _cTextual
040 _aARTS
_cARTS
_beng
041 _2eng
_aeng
082 _aV611:24:N5, K8
100 _aHyden Goran
_9121787
245 0 _aTanu yajenga nchi
_b Political development in rural Tanzania
260 _aLund
_bUniskol bokforlaget universite och skola Sweden
_c1968
300 _a282p.
_ccm.
490 _aLund political studies; no.8
650 _aHISTORY
942 _hV611:24:N5, K8
_cTEXL
_2CC
999 _c288177
_d288177